000 01962cam a2200397 i 4500
001 21893233
005 20230518115822.0
006 m |o d |
007 cr |||||||||||
008 210121t20212021flu ob 001 0 eng
010 _a 2021001774
020 _a9781003104445
_q(ebk)
020 _z9780367610920
_q(hbk)
040 _aDLC
_beng
_cDLC
_erda
_dDLC
042 _apcc
050 0 0 _aTJ808
082 0 0 _a621.0420
_223
_bTRI
245 0 0 _aIntroduction to AI techniques for renewable energy systems /
_cedited by Suman Lata Tripathi, Mithilesh Kumar Dubey, Vinay Rishiwal, Sanjeevikumar Padmanaban.
250 _aFirst edition.
264 1 _aBoca Raton :
_bCRC Press, Taylor & Francis Group,
_c2021.
300 _axii, 410 p :
336 _atext
_btxt
_2rdacontent
337 _acomputer
_bc
_2rdamedia
338 _aonline resource
_bcr
_2rdacarrier
504 _aIncludes bibliographical references and index.
520 _a"The book summarizes commonly used AI methodologies in renewal energy, with a particular emphasis on neural networks, fuzzy logic, and genetic algorithms. Book outlines selected AI applications for renewable energy. In particular, discusses methods using the AI approach for the following applications using suitable examples: prediction and modeling of solar radiation, seizing, performances, and controls of the solar photovoltaic (PV) systems"--
_cProvided by publisher.
588 _aDescription based on print version record.
650 0 _aRenewable energy sources.
650 0 _aPower-plants
_xAutomatic control.
_9112445
650 0 _aArtificial intelligence.
700 1 _aTripathi, Suman Lata,
_eeditor.
_9112446
776 0 8 _iPrint version:
_tIntroduction to AI techniques for renewable energy system
_bFirst edition.
_dBoca Raton : CRC Press, 2021.
_z9780367610920
_w(DLC) 2021001773
906 _a7
_bcbc
_corignew
_d1
_eecip
_f20
_gy-gencatlg
942 _2ddc
_cBK
999 _c594810
_d594810